00813nam a22002177a 4500003000900000005001700009007000300026008003200029020001800061040002500079082002600104100004000130245015900170260003900329300005200368500006100420650002500481650001400506650003100520651004400551DO-SdBNP20240502121957.0ta210722b 2020 dr a 00| 0 eng d a9789945454628 aDO-SdBNPbspacBNPHU 4a304.820946bC422m2221 aCéspedes Calderón, Ana María1 aMigración a España: etnia y género : belementos referenciales claves, de la desigualdad de la mujer inmigrante /cAna María Céspedes Calderón aSanto Domingo : bManatí,c2020. a146 p. :bil., fots., grafcs., rets. ;c23 cm.  aIncluye datos biográficos de la autora en las solapas. 4aMujeres inmigrantes  0a Igualdad 4aMujeresxAspectos sociales 4aEspañaxEmigración e inmigración